|
|
|
|
| LEADER |
01729cas a2200217 a 4500 |
| 001 |
AALejournalIMF012949 |
| 008 |
230101c9999 xx r poo 0 0eng d |
| 020 |
|
|
|c 15.00 USD
|
| 020 |
|
|
|z 9781589063792
|
| 040 |
|
|
|a BD-DhAAL
|c BD-DhAAL
|
| 100 |
1 |
|
|a Arnone, Marco.
|
| 245 |
1 |
0 |
|a Primary Dealers in Government Securities /
|c Marco Arnone, Piero Ugolini.
|
| 264 |
|
1 |
|a Washington, D.C. :
|b International Monetary Fund,
|c 2005.
|
| 300 |
|
|
|a 1 online resource (97 pages)
|
| 500 |
|
|
|a <strong>Off-Campus Access:</strong> No User ID or Password Required
|
| 500 |
|
|
|a <strong>On-Campus Access:</strong> No User ID or Password Required
|
| 506 |
|
|
|a Electronic access restricted to authorized BRAC University faculty, staff and students
|
| 520 |
3 |
|
|a In the past 10 years a growing number of countries have established or began establishing a primary dealer system. This paper discusses the role of primary dealers, as well as theoretical, operational, and technical issues related to the establishment of a primary dealer system, in the overall management of public debt for countries that may be considering taking this step. Drawing on a 2001 survey of country practices, the paper discusses the rationale, costs and benefits, and key prerequisites, as well as selection criteria, obligations, and privileges of a primary dealer system. It also attempts to determine the conditions under which a primary dealer system would make a positive contribution to the functioning and development of the government securities market.
|
| 538 |
|
|
|a Mode of access: Internet
|
| 700 |
1 |
|
|a Ugolini, Piero.
|
| 856 |
4 |
0 |
|z Full text available on IMF
|u http://elibrary.imf.org/view/books/058/05414-9781589063792-en/05414-9781589063792-en-book.xml
|z IMF e-Library
|